Missing Word: Fantasy Movies II Quiz Stats

 Plays Quiz Updated Apr 24, 2019

Score 0/18 Timer 02:00
0 Plays Today
Movie Title Missing Word % Correct
Journey to the _____ of the EarthCenter
94.3%
_____ of the GalaxyGuardians
91%
Where the _____ Things Are Wild
90.8%
The NeverEnding _____Story
89.9%
Who _____ Roger RabbitFramed
89.7%
Fantastic _____ and Where to Find ThemBeasts
88.6%
The Chronicles of Narnia: _____ CaspianPrince
82.8%
King _____Kong
78.7%
Miss Peregrine's _____ for Peculiar ChildrenHome
77.1%
Movie Title Missing Word % Correct
Oz the Great and _____Powerful
76.5%
Jumanji: _____ to the JungleWelcome
58.7%
The Hobbit: An _____ JourneyUnexpected
56.6%
_____ SonjaRed
55.7%
Hellboy II: The Golden _____Army
37.5%
The Mole _____People
27%
How to Train Your Dragon: The _____ WorldHidden
26.9%
The ______ of GwangiValley
6.1%
_____: The BeginningWarcraft
2.2%

Today's Daily Dose

Missing Word
Sherlocks

Word Ladder
King of the Hill

Quick Pick
Songs in Pink

Get the Picture
NBA Teammates

You're not logged in!

Compare scores with friends on all Sporcle quizzes.
OR
Log In

Sporcle TV

Today on Sporcle TV


Watch our educational content, quiz creation guides, and fun videos on Sporcle TV.

Show Comments

Extras

Top Quizzes Today


Score Distribution

Your Account Isn't Verified!

In order to create a playlist on Sporcle, you need to verify the email address you used during registration. Go to your Sporcle Settings to finish the process.

Report this User

Report this user for behavior that violates our Community Guidelines.

Details: